[Event "Titled Tuesday intern op 15th Nov Early"]
[Site "Chess.com INT"]
[Date "2022.11.15"]
[Round "3"]
[White "Kaidanov, Gregory S"]
[Black "Fiol, Fabrice"]
[Result "1-0"]
[WhiteElo "2549"]
[BlackElo "2271"]
[PlyCount "121"]
[EventDate "2022.11.15"]
[EventType "swiss (blitz)"]
[EventRounds "11"]
[EventCountry "USA"]
[SourceTitle "CBM 211 Extra"]
[Source "ChessBase"]
[SourceDate "2023.01.31"]
[SourceVersion "1"]
[SourceVersionDate "2023.01.31"]
[SourceQuality "1"]

1. Nf3 b6 2. e4 e6 3. d4 Bb7 4. Bd3 c5 5. dxc5 Bxc5 6. 0-0 Qc7 7. Nc3 a6 8. Qe2 Ne7 9. Na4 0-0 10. c4 Ng6 11. Nxc5 bxc5 12. g3 Nc6 13. Be3 d6 14. Rad1 Nce5 15. Nxe5 Nxe5 16. Bc2 f5 17. f4 Ng4 18. h3 Nxe3 19. Qxe3 Qc6 20. Rfe1 Rad8 21. Kh2 h6 22. Rd2 Kh8 23. Qc3 e5 24. exf5 exf4 25. Be4 Qc7 26. Bxb7 Qxb7 27. gxf4 Rxf5 28. Re6 Rxf4 29. Rxh6+ Kg8 30. Rg6 Rd7 31. Qg3 Qe4 32. Rg2 Rff7 33. b3 a5 34. Rxd6 Rxd6 35. Qxd6 a4 36. Qd8+ Kh7 37. Qg5 Kg8 38. Qxc5 Qf4+ 39. Kh1 Qc1+ 40. Rg1 Qh6 41. Qc8+ Kh7 42. Qg4 Qc6+ 43. Qg2 Qh6 44. Kh2 Qf4+ 45. Qg3 Qd2+ 46. Rg2 Qh6 47. c5 axb3 48. axb3 Qh5 49. c6 g6 50. Rc2 Rf3 51. Qg2 Qe5+ 52. Kh1 Qf5 53. Rc1 Rxh3+ 54. Kg1 Qh5 55. c7 Rh4 56. c8Q Rg4 57. Qcxg4 Qxg4 58. Qxg4 Kh6 59. Rc6 Kh7 60. Qxg6+ Kh8 61. Rc8# 1-0

[Event "Titled Tuesday intern op 15th Nov Early"]
[Site "Chess.com INT"]
[Date "2022.11.15"]
[Round "10"]
[White "Rodriguez Santiago, Jaime"]
[Black "Fiol, Fabrice"]
[Result "0-1"]
[WhiteElo "1987"]
[BlackElo "2271"]
[PlyCount "70"]
[EventDate "2022.11.15"]
[EventType "swiss (blitz)"]
[EventRounds "11"]
[EventCountry "USA"]
[SourceTitle "CBM 211 Extra"]
[Source "ChessBase"]
[SourceDate "2023.01.31"]
[SourceVersion "1"]
[SourceVersionDate "2023.01.31"]
[SourceQuality "1"]

1. c4 e5 2. Nc3 Nc6 3. g3 g6 4. Bg2 Bg7 5. e4 d6 6. Nge2 Nge7 7. d3 Nd4 8. Nxd4 exd4 9. Ne2 0-0 10. 0-0 Be6 11. f4 c6 12. Rb1 Qd7 13. f5 gxf5 14. Nf4 Ng6 15. Nh5 fxe4 16. Nxg7 Kxg7 17. Bxe4 f5 18. Bg2 d5 19. Qh5 Kh8 20. Bh6 Rf7 21. b3 Rg8 22. Rbe1 f4 23. cxd5 Bg4 24. dxc6 bxc6 25. Qc5 f3 26. Bh1 Rf5 27. Qc4 Ne5 28. Qa4 Nxd3 29. Re7 Qxe7 30. Qxd4+ Ne5 31. Bf4 c5 32. Qb2 Rg7 33. Re1 f2+ 34. Kxf2 Nd3+ 35. Kg2 Qxe1 0-1

[Event "Titled Tuesday intern op 08th Nov Late"]
[Site "Chess.com INT"]
[Date "2022.11.08"]
[Round "6"]
[White "Fiol, Fabrice"]
[Black "Clawitter, Craig"]
[Result "1-0"]
[WhiteElo "2271"]
[BlackElo "2050"]
[PlyCount "73"]
[EventDate "2022.11.08"]
[EventType "swiss (blitz)"]
[EventRounds "11"]
[EventCountry "USA"]
[SourceTitle "EXT 2024"]
[Source "ChessBase"]
[SourceDate "2023.10.10"]
[SourceVersion "1"]
[SourceVersionDate "2023.10.10"]
[SourceQuality "1"]

1. e4 e6 2. Qe2 c5 3. Nf3 Nc6 4. d3 g6 5. g3 Bg7 6. Bg2 Nge7 7. c3 0-0 8. Nbd2 d5 9. h4 h6 10. Nf1 b5 11. e5 b4 12. N1h2 a5 13. 0-0 a4 14. a3 bxc3 15. bxc3 Ba6 16. Ng4 Nf5 17. Bf4 Rb8 18. Rad1 d4 19. c4 Rb3 20. Qd2 h5 21. Nf6+ Bxf6 22. exf6 Qxf6 23. Bg5 Qg7 24. Nh2 Ne5 25. Qa5 Bb7 26. Bxb7 Rxb7 27. Qxc5 Rb3 28. Qa5 Nxd3 29. Qxa4 Rfb8 30. c5 Nb2 31. Qa7 Nxd1 32. Rxd1 d3 33. Nf3 Rb1 34. Rxb1 Rxb1+ 35. Kg2 Qb2 36. Qa8+ Kg7 37. Bf4 1-0

[Event "Titled Tuesday intern op 26th Jul Early"]
[Site "Chess.com INT"]
[Date "2022.07.26"]
[Round "9"]
[White "Fiol, Fabrice"]
[Black "Oye Stromberg, Alexander"]
[Result "1-0"]
[WhiteElo "2271"]
[BlackElo "2304"]
[PlyCount "117"]
[EventDate "2022.07.26"]
[EventType "swiss (blitz)"]
[EventRounds "11"]
[EventCountry "USA"]
[SourceTitle "EXT 2023"]
[Source "ChessBase"]
[SourceDate "2022.10.05"]
[SourceVersion "1"]
[SourceVersionDate "2022.10.05"]
[SourceQuality "1"]

1. e4 c5 2. Nf3 Nc6 3. Bb5 g6 4. 0-0 Bg7 5. c3 Nf6 6. d4 cxd4 7. cxd4 Nxe4 8. d5 Nd6 9. Bd3 Nb8 10. Nc3 0-0 11. Re1 a6 12. a4 e6 13. Bf4 Nf5 14. d6 Nc6 15. Bg5 Qa5 16. Ne4 Nfd4 17. Nf6+ Kh8 18. Bd2 Qd8 19. Ne4 b6 20. Bc3 Nxf3+ 21. Qxf3 Bb7 22. Bxg7+ Kxg7 23. Qe3 f5 24. Nc3 e5 25. f4 e4 26. Bf1 Rf6 27. Rad1 Na5 28. b4 Nc6 29. Nd5 Rxd6 30. Nxb6 Rxd1 31. Rxd1 d5 32. Rxd5 Qh4 33. Rd7+ Kh6 34. Rxb7 Rd8 35. Rd7 Rxd7 36. Nxd7 Qe7 37. Ne5 Nxb4 38. Qh3+ Kg7 39. Qc3 Nd5 40. Qd4 Nf6 41. Bc4 Kh6 42. h4 a5 43. Nf7+ Kg7 44. Ng5 Kh6 45. Qe5 Qxe5 46. fxe5 Ng4 47. e6 Kg7 48. e7 Nf6 49. Bb5 h6 50. e8Q Nxe8 51. Bxe8 hxg5 52. hxg5 f4 53. Bc6 e3 54. Kf1 Kf7 55. Ke2 Ke6 56. Be4 Kf7 57. Kf3 Kg7 58. Bd3 Kf7 59. Kxf4 1-0

[Event "Titled Tuesday intern op 26th Jul Early"]
[Site "Chess.com INT"]
[Date "2022.07.26"]
[Round "6"]
[White "Fiol, Fabrice"]
[Black "Petrova, Irina"]
[Result "1-0"]
[WhiteElo "2271"]
[BlackElo "2127"]
[PlyCount "71"]
[EventDate "2022.07.26"]
[EventType "swiss (blitz)"]
[EventRounds "11"]
[EventCountry "USA"]
[SourceTitle "EXT 2023"]
[Source "ChessBase"]
[SourceDate "2022.10.05"]
[SourceVersion "1"]
[SourceVersionDate "2022.10.05"]
[SourceQuality "1"]

1. e4 d6 2. d4 Nf6 3. Nc3 e5 4. Nf3 Nbd7 5. Bc4 Be7 6. h3 0-0 7. a4 c6 8. Be3 h6 9. Nh4 Re8 10. Qf3 Bf8 11. Nf5 d5 12. exd5 exd4 13. Nxd4 Ne5 14. Qe2 Nxc4 15. Qxc4 cxd5 16. Qb3 Be6 17. 0-0 b6 18. Rad1 Rc8 19. Rfe1 Bd6 20. Nce2 Bb8 21. Bf4 Rc4 22. Bxb8 Qxb8 23. Ng3 Qf4 24. c3 Bd7 25. Rxe8+ Bxe8 26. Re1 Bxa4 27. Qa3 Bd7 28. Qxa7 Qc7 29. Qa8+ Kh7 30. Qf8 Be6 31. Nxe6 fxe6 32. Rxe6 Ra4 33. Re7 Ra1+ 34. Kh2 Qxg3+ 35. fxg3 Nh5 36. Qf5+ 1-0

[Event "Titled Tuesday intern op 26th Jul Early"]
[Site "Chess.com INT"]
[Date "2022.07.26"]
[Round "5"]
[White "Vovk, Orest"]
[Black "Fiol, Fabrice"]
[Result "1-0"]
[WhiteElo "2315"]
[BlackElo "2271"]
[PlyCount "105"]
[EventDate "2022.07.26"]
[EventType "swiss (blitz)"]
[EventRounds "11"]
[EventCountry "USA"]
[SourceTitle "EXT 2023"]
[Source "ChessBase"]
[SourceDate "2022.10.05"]
[SourceVersion "1"]
[SourceVersionDate "2022.10.05"]
[SourceQuality "1"]

1. h3 d5 2. e4 dxe4 3. Nc3 Nf6 4. Qe2 b6 5. Nxe4 Bb7 6. Nxf6+ gxf6 7. Nf3 Nc6 8. c3 Qd7 9. d4 e6 10. Bf4 0-0-0 11. 0-0-0 h5 12. Qc2 Bh6 13. Bxh6 Rxh6 14. Qa4 Kb8 15. Bb5 Qd6 16. Rhe1 Qf4+ 17. Kb1 Ne7 18. Re3 Nf5 19. Red3 e5 20. dxe5 Rxd3 21. Qxf4 Rxd1+ 22. Kc2 Rd5 23. Bc4 Rc5 24. Bxf7 fxe5 25. Qxf5 e4 26. Ne5 Bc8 27. Qxe4 Rd6 28. g4 Bb7 29. Qf5 hxg4 30. Nd7+ Ka8 31. Nxc5 bxc5 32. hxg4 c4 33. Bxc4 Kb8 34. Qf8+ Bc8 35. g5 a5 36. Bd3 Kb7 37. Ba6+ Rxa6 38. f4 Rd6 39. f5 Bd7 40. g6 Bc6 41. Qxd6 cxd6 42. Kd3 Bd5 43. f6 Kc7 44. f7 Bxa2 45. f8Q Be6 46. Kd4 a4 47. g7 a3 48. bxa3 Bc4 49. Qe7+ Kc6 50. Kxc4 d5+ 51. Kd4 Kb5 52. Qc5+ Ka4 53. Qb4# 1-0

[Event "Titled Tuesday intern op 19th Jul Early"]
[Site "Chess.com INT"]
[Date "2022.07.19"]
[Round "4"]
[White "Alahakoon, Isuru"]
[Black "Fiol, Fabrice"]
[Result "1-0"]
[WhiteElo "2000"]
[BlackElo "2271"]
[PlyCount "69"]
[EventDate "2022.07.19"]
[EventType "swiss (blitz)"]
[EventRounds "11"]
[EventCountry "USA"]
[SourceTitle "EXT 2023"]
[Source "ChessBase"]
[SourceDate "2022.10.05"]
[SourceVersion "1"]
[SourceVersionDate "2022.10.05"]
[SourceQuality "1"]

1. Nf3 c5 2. c3 Nf6 3. d4 d5 4. Bf4 e6 5. e3 Nc6 6. Nbd2 Bd6 7. Bg3 Qc7 8. dxc5 Bxg3 9. hxg3 Ne7 10. Bb5+ Kf8 11. Nb3 e5 12. 0-0 Bg4 13. Be2 h5 14. Qd2 Rd8 15. Rfd1 Ne4 16. Qc2 f6 17. Nh4 Bxe2 18. Qxe2 Nxc5 19. Nxc5 Qxc5 20. e4 Kf7 21. exd5 Rxd5 22. Rxd5 Qxd5 23. Rd1 Qxa2 24. Qb5 g5 25. Nf3 b6 26. Rd7 Re8 27. b3 Qa1+ 28. Kh2 Qxc3 29. Qd5+ Kf8 30. Qe6 e4 31. Nd4 Kg7 32. Nf5+ Kg6 33. Nxe7+ Rxe7 34. Qxe7 h4 35. Qh7# 1-0

[Event "Titled Tuesday intern op 19th Jul Late"]
[Site "Chess.com INT"]
[Date "2022.07.19"]
[Round "4"]
[White "Aung, Thant Zin"]
[Black "Fiol, Fabrice"]
[Result "1-0"]
[WhiteElo "2268"]
[BlackElo "2271"]
[PlyCount "89"]
[EventDate "2022.07.19"]
[EventType "swiss (blitz)"]
[EventRounds "11"]
[EventCountry "USA"]
[SourceTitle "EXT 2023"]
[Source "ChessBase"]
[SourceDate "2022.10.05"]
[SourceVersion "1"]
[SourceVersionDate "2022.10.05"]
[SourceQuality "1"]

1. e4 c5 2. Nf3 e6 3. d4 cxd4 4. Nxd4 a6 5. Nc3 b5 6. Bd3 Qb6 7. Be3 Bc5 8. Nce2 Nf6 9. 0-0 Ng4 10. b4 Bxb4 11. Nf5 Nxe3 12. Nxe3 0-0 13. Ng3 Nc6 14. Kh1 Bb7 15. Qg4 Ne5 16. Qh4 Ng6 17. Qg4 Bc3 18. Rad1 Kh8 19. h4 Ne5 20. Qe2 Bd4 21. Ng4 Ng6 22. h5 Nf4 23. Qf3 f5 24. exf5 Bxf3 25. gxf3 Nxd3 26. Rxd3 exf5 27. Nh2 Be5 28. Ne2 Bxh2 29. Kxh2 Qc7+ 30. Kg2 Rab8 31. Rh1 Rbe8 32. Nd4 Qc4 33. Rh4 Qc3 34. Rxc3 Re1 35. Re3 Rc1 36. Re7 h6 37. Rf4 Rd1 38. Rxf5 Rc8 39. Rd5 Rh1 40. Rdxd7 Rc4 41. Rxg7 Rxd4 42. Rh7+ Kg8 43. Rdg7+ Kf8 44. Ra7 Kg8 45. Kxh1 1-0

[Event "Titled Tuesday intern op 19th Jul Early"]
[Site "Chess.com INT"]
[Date "2022.07.19"]
[Round "10"]
[White "Fakhretdinova, Margarita"]
[Black "Fiol, Fabrice"]
[Result "1-0"]
[WhiteElo "2153"]
[BlackElo "2271"]
[PlyCount "107"]
[EventDate "2022.07.19"]
[EventType "swiss (blitz)"]
[EventRounds "11"]
[EventCountry "USA"]
[SourceTitle "EXT 2023"]
[Source "ChessBase"]
[SourceDate "2022.10.05"]
[SourceVersion "1"]
[SourceVersionDate "2022.10.05"]
[SourceQuality "1"]

1. e4 c5 2. Nf3 e6 3. d4 cxd4 4. Nxd4 a6 5. Bd3 Nc6 6. Be3 Qc7 7. Nc3 Nf6 8. 0-0 Ne5 9. Bf4 d6 10. Re1 Be7 11. Bf1 0-0 12. a4 b6 13. h3 Bb7 14. Qd2 Nc4 15. Qc1 Rfe8 16. Nb3 Rac8 17. Bxc4 Qxc4 18. f3 e5 19. Bg5 h6 20. Bh4 Nh5 21. Bxe7 Rxe7 22. Qd2 Nf4 23. Rad1 Re6 24. Kh2 Rg6 25. Rg1 Qe6 26. Qf2 d5 27. exd5 Nxd5 28. Nxd5 Bxd5 29. Rd3 e4 30. Re3 Qd6+ 31. f4 Rf6 32. g3 g5 33. c3 Bxb3 34. Rxe4 Bd5 35. Re5 Re8 36. Rxe8+ Kg7 37. Re5 Be6 38. Qe3 Qc6 39. fxg5 hxg5 40. Qxg5+ Rg6 41. Qe3 Qd6 42. Rg2 Qc6 43. Rd2 Qc4 44. Rg5 Qf1 45. Rxg6+ Kxg6 46. Rf2 Qd1 47. Qe4+ Kg7 48. Qe5+ Kf8 49. Qb8+ Kg7 50. Qe5+ Kf8 51. Qh8+ Ke7 52. Qf6+ Kf8 53. Qd8+ Kg7 54. Qxd1 1-0